000 01073cas a22003137a 4500
005 20220329142312.0
008 000524u1889 us mr pernn 0 b1eng d
010 _a81295
011 _a82267
022 _a0010-9800
035 _a92756
245 0 0 _aCotton Gin and Oil Mill Press
_c/by Cotton Ginning and Oilseed Processing Industry
260 0 _aDallas TX :
_bCotton Ginning and Oilseed Processing Industry,
_c1889-
300 _av.
310 _aMensual
362 _av.53 n.5, 1952
500 _aSe dejo de recibir a partir del v.53 n.26 de 1952.
590 _aBATCH-UPD
_b10
_c20130110
_lUCH01
_h2353
590 _aBATCH-UPD
_b10
_c20130410
_lUCH01
_h1639
590 _aBATCH-UPD
_b10
_c20130914
_lUCH01
_h1759
590 _aCONVERSION
_b10
_c20130109
_lUCH01
_h1345
650 1 4 _aAlgodon
_xPublicaciones periodicas.
_94052
650 1 4 _aMaquinaria agrícola
_xPublicaciones periódicas.
_971194
780 _tCotton and Cotton Oil Press
866 _av.52 n.1-26 (1951)
866 _av.53 n.1-26 (1952)
901 _aSE
905 _aLilia Sánchez G.
999 _c81295
_d81295